| 000 | 00363 a2200169 4500 | ||
|---|---|---|---|
| 001 | 191200 | ||
| 020 | _a85-08-07436-0 | ||
| 040 | _cMagnum | ||
| 100 | _aAguiar, Luiz Antonio | ||
| 240 | 1 | 0 |
_aOperação nova york _lpor |
| 245 | 1 | 0 | _aOperação nova york |
| 300 | _a155 | ||
| 362 | 0 | _a2000 | |
| 440 | 1 | _aÁtica | |
| 697 | _aLITERATURA JUVENIL | ||
| 942 | _cBK | ||
| 999 |
_c191200 _d191200 |
||